<?xml version="1.0" encoding="UTF-8"?>
<record
    xmlns:xsi="http://www.w3.org/2001/XMLSchema-instance"
    xsi:schemaLocation="http://www.loc.gov/MARC21/slim http://www.loc.gov/standards/marcxml/schema/MARC21slim.xsd"
    xmlns="http://www.loc.gov/MARC21/slim">

  <leader>04065ngm a22006257a 4500</leader>
  <controlfield tag="006">a|||||s|||||00| 0 </controlfield>
  <controlfield tag="007">tz</controlfield>
  <controlfield tag="008">110616s2008    mnu|||||s|||| 00| 0 eng d</controlfield>
  <datafield tag="082" ind1=" " ind2=" ">
    <subfield code="2">22</subfield>
    <subfield code="a">791.4375</subfield>
    <subfield code="b">WES</subfield>
  </datafield>
  <datafield tag="245" ind1="0" ind2="0">
    <subfield code="a">Western Classics</subfield>
    <subfield code="h">[videorecording] :</subfield>
    <subfield code="b">50 Movie Pack /</subfield>
    <subfield code="c">Mill Creek Entertainment</subfield>
  </datafield>
  <datafield tag="246" ind1=" " ind2=" ">
    <subfield code="a">50 Movie Pack Western Classics DVD Collection</subfield>
  </datafield>
  <datafield tag="246" ind1=" " ind2=" ">
    <subfield code="a">Fifty Movie Pack Western Classics DVD Collection</subfield>
  </datafield>
  <datafield tag="260" ind1=" " ind2=" ">
    <subfield code="a">Minneapolis, MN. : </subfield>
    <subfield code="b">Mill Creek Entertainment, 20058</subfield>
    <subfield code="c">2008</subfield>
  </datafield>
  <datafield tag="300" ind1=" " ind2=" ">
    <subfield code="a">12 videodiscs : </subfield>
    <subfield code="b">sd., b&amp;w (some col.) ; </subfield>
    <subfield code="c">4 3/4 in.</subfield>
  </datafield>
  <datafield tag="500" ind1=" " ind2=" ">
    <subfield code="a">"50-movie DVD collection ; hours of western adventure on 12 DVD's"--Container.  </subfield>
  </datafield>
  <datafield tag="505" ind1=" " ind2=" ">
    <subfield code="t">Disc 1. Rollin' Plains --  Sing Cowboy Sing --  Mystery of the Hooded Horseman --  Arizona Days --  Song of the Gringo --  Disc 2. Round-up Time in Texas --  Springtime in the Rockies --  Carson City Kid --  Colorado --  Young Bill Hickok -- Disc 3. Phantom Rancher --  Broadway to Cheyenne --  Stagecoach to Denver --  Angel and the Badman -- Disc 4. Paroled-to Die --  Oklahoma Cyclone --  Daniel Boone, Trail Blazer --  Kentucky Rifle -- Disc 5. American Empire --  Billy the Kid Trapped --  Vengeance Valley --  Sundowners -- Disc 6. Man of the Frontier --  Riders of the Whistling Pines --  Painted Desert --  Gunfight at Red Sands -- Disc 7. China 9, Liberty 37 --  Gone with the West --  Outlaw --  Arizona Stagecoach -- Disc 8. Blue Steel --  Santa Fe Trail --  McLintock --  Sagebrush Trail -- Disc 9. In Old Caliente --  Rough Riders round-up --  Hell Town --  Kansan -- Disc 10. White Comanche --  Mohawk --  Sheriff of Tombstone --  Judge Priest -- Disc 11. Grand Duel --  It Can be Done Amigo --  Abilene Town --  Tex Rides with the Boy Scouts -- Disc 12. My Pal Trigger --  Cowboy and the Senorita --  Bells of San Angelo --  Under California Stars.</subfield>
  </datafield>
  <datafield tag="511" ind1=" " ind2=" ">
    <subfield code="a">Tex Ritter, Gene Autry, Roy Rogers, Ken Maynard, Rex Bell, Robert Blake, John Wayne, Bob Steele, Bruce Bennett, Chill Wills, Richard Dix, Buster Crabbe, Burt Lancaster, Robert Preston, William Boyd, Richard Harrison, Warren Oates, James Caan, Jane Russell, Ray "Crash" Corrigan, Errol Flynn, Joseph Cotten, Neville Brand, Will Rogers, Lee Van Cleef, Jack Palance, Randolph Scott.</subfield>
  </datafield>
  <datafield tag="520" ind1=" " ind2=" ">
    <subfield code="a"> 50 classic westerns from 1930 to 1978 featuring the most well known western actors and actresses.</subfield>
  </datafield>
  <datafield tag="521" ind1=" " ind2=" ">
    <subfield code="a">Not rated</subfield>
  </datafield>
  <datafield tag="538" ind1=" " ind2=" ">
    <subfield code="a">DVD; double sided</subfield>
  </datafield>
  <datafield tag="650" ind1=" " ind2=" ">
    <subfield code="9">25353</subfield>
    <subfield code="a">Cowboys</subfield>
    <subfield code="v">Drama</subfield>
  </datafield>
  <datafield tag="650" ind1=" " ind2=" ">
    <subfield code="9">25354</subfield>
    <subfield code="a">Spaghetti Westerns</subfield>
  </datafield>
  <datafield tag="653" ind1=" " ind2=" ">
    <subfield code="c">June2011</subfield>
  </datafield>
  <datafield tag="655" ind1=" " ind2=" ">
    <subfield code="a">Western films</subfield>
  </datafield>
  <datafield tag="655" ind1=" " ind2=" ">
    <subfield code="a">Western television programs</subfield>
  </datafield>
  <datafield tag="700" ind1=" " ind2=" ">
    <subfield code="9">25355</subfield>
    <subfield code="a">Ritter, Tex</subfield>
    <subfield code="e">act</subfield>
  </datafield>
  <datafield tag="700" ind1=" " ind2=" ">
    <subfield code="9">25356</subfield>
    <subfield code="a">Autry, Gene</subfield>
    <subfield code="d">1907-1998</subfield>
    <subfield code="e">act</subfield>
  </datafield>
  <datafield tag="700" ind1=" " ind2=" ">
    <subfield code="9">25357</subfield>
    <subfield code="a">Rogers, Roy</subfield>
    <subfield code="d">1911-1998</subfield>
    <subfield code="e">act</subfield>
  </datafield>
  <datafield tag="700" ind1=" " ind2=" ">
    <subfield code="9">25358</subfield>
    <subfield code="a">Maynard, Ken</subfield>
    <subfield code="d">1895-1973</subfield>
    <subfield code="e">act</subfield>
  </datafield>
  <datafield tag="700" ind1=" " ind2=" ">
    <subfield code="9">25359</subfield>
    <subfield code="a">Bell, Rex</subfield>
    <subfield code="d">1903-1962</subfield>
    <subfield code="e">act</subfield>
  </datafield>
  <datafield tag="700" ind1=" " ind2=" ">
    <subfield code="9">25360</subfield>
    <subfield code="a">Blake, Robert</subfield>
    <subfield code="d">1933-</subfield>
    <subfield code="e">act</subfield>
  </datafield>
  <datafield tag="700" ind1=" " ind2=" ">
    <subfield code="9">25172</subfield>
    <subfield code="a"> Wayne, John</subfield>
    <subfield code="d">1907-1979   </subfield>
    <subfield code="e">act</subfield>
  </datafield>
  <datafield tag="700" ind1=" " ind2=" ">
    <subfield code="9">25361</subfield>
    <subfield code="a">Steele, Bob</subfield>
    <subfield code="d">1907-1988</subfield>
    <subfield code="e">act</subfield>
  </datafield>
  <datafield tag="700" ind1=" " ind2=" ">
    <subfield code="9">25362</subfield>
    <subfield code="a">Bennett, Bruce</subfield>
    <subfield code="d">1906-2007</subfield>
    <subfield code="e">act</subfield>
  </datafield>
  <datafield tag="700" ind1=" " ind2=" ">
    <subfield code="9">25176</subfield>
    <subfield code="a">Wills, Chill</subfield>
    <subfield code="d">1902-1978   </subfield>
    <subfield code="e">act</subfield>
  </datafield>
  <datafield tag="700" ind1=" " ind2=" ">
    <subfield code="9">25363</subfield>
    <subfield code="a">Dix, Richard</subfield>
    <subfield code="d">1894-1949</subfield>
    <subfield code="e">act</subfield>
  </datafield>
  <datafield tag="700" ind1=" " ind2=" ">
    <subfield code="9">25364</subfield>
    <subfield code="a">Crabbe, Buster</subfield>
    <subfield code="d">1908-1983</subfield>
    <subfield code="e">act</subfield>
  </datafield>
  <datafield tag="700" ind1=" " ind2=" ">
    <subfield code="9">25365</subfield>
    <subfield code="a">Lancaster, Burt</subfield>
    <subfield code="d">1913-1994</subfield>
    <subfield code="e">act</subfield>
  </datafield>
  <datafield tag="700" ind1=" " ind2=" ">
    <subfield code="9">25366</subfield>
    <subfield code="a">Preston, Robert</subfield>
    <subfield code="d">1913-1987</subfield>
    <subfield code="e">act</subfield>
  </datafield>
  <datafield tag="700" ind1=" " ind2=" ">
    <subfield code="9">25367</subfield>
    <subfield code="a">Boyd, William</subfield>
    <subfield code="d">1895-1972</subfield>
    <subfield code="e">act</subfield>
  </datafield>
  <datafield tag="700" ind1="1" ind2=" ">
    <subfield code="a">Harrison, Richard,</subfield>
    <subfield code="d">1947-</subfield>
    <subfield code="e">act</subfield>
    <subfield code="9">19922</subfield>
  </datafield>
  <datafield tag="700" ind1=" " ind2=" ">
    <subfield code="9">25368</subfield>
    <subfield code="a">Oates, Warren</subfield>
    <subfield code="d">1928-1982</subfield>
    <subfield code="e">act</subfield>
  </datafield>
  <datafield tag="700" ind1=" " ind2=" ">
    <subfield code="9">25369</subfield>
    <subfield code="a">Caan, James</subfield>
    <subfield code="e">act</subfield>
  </datafield>
  <datafield tag="700" ind1=" " ind2=" ">
    <subfield code="9">25370</subfield>
    <subfield code="a">Russell, Jane</subfield>
    <subfield code="d">1921-2011</subfield>
    <subfield code="e">act</subfield>
  </datafield>
  <datafield tag="700" ind1=" " ind2=" ">
    <subfield code="9">25371</subfield>
    <subfield code="a">Corrigan, Ray</subfield>
    <subfield code="d">1902-1976</subfield>
    <subfield code="e">act</subfield>
  </datafield>
  <datafield tag="700" ind1=" " ind2=" ">
    <subfield code="9">25372</subfield>
    <subfield code="a">Flynn, Errol</subfield>
    <subfield code="d">1909-1959</subfield>
    <subfield code="e">act</subfield>
  </datafield>
  <datafield tag="700" ind1=" " ind2=" ">
    <subfield code="9">25373</subfield>
    <subfield code="a">Cotten, Joseph</subfield>
    <subfield code="d">1905-1994</subfield>
    <subfield code="e">act</subfield>
  </datafield>
  <datafield tag="700" ind1=" " ind2=" ">
    <subfield code="9">25374</subfield>
    <subfield code="a">Brand, Neville</subfield>
    <subfield code="d">1920-1992</subfield>
    <subfield code="e">act</subfield>
  </datafield>
  <datafield tag="700" ind1=" " ind2=" ">
    <subfield code="9">25375</subfield>
    <subfield code="a">Rogers, Will</subfield>
    <subfield code="d">1879-1935</subfield>
    <subfield code="e">act</subfield>
  </datafield>
  <datafield tag="700" ind1=" " ind2=" ">
    <subfield code="9">25376</subfield>
    <subfield code="a">Van Cleef, Lee</subfield>
    <subfield code="d">1925-1989</subfield>
    <subfield code="e">act</subfield>
  </datafield>
  <datafield tag="700" ind1=" " ind2=" ">
    <subfield code="9">25377</subfield>
    <subfield code="a">Palance, Jack</subfield>
    <subfield code="d">1919-2006</subfield>
    <subfield code="e">act</subfield>
  </datafield>
  <datafield tag="700" ind1=" " ind2=" ">
    <subfield code="9">25378</subfield>
    <subfield code="a">Scott, Randolph</subfield>
    <subfield code="d">1898-1987</subfield>
    <subfield code="e">act</subfield>
  </datafield>
  <datafield tag="710" ind1=" " ind2=" ">
    <subfield code="9">25307</subfield>
    <subfield code="a">Mill Creek Entertainment   </subfield>
  </datafield>
  <datafield tag="942" ind1=" " ind2=" ">
    <subfield code="2">ddc</subfield>
    <subfield code="c">CDVDMOV</subfield>
  </datafield>
  <datafield tag="999" ind1=" " ind2=" ">
    <subfield code="c">15604</subfield>
    <subfield code="d">15604</subfield>
  </datafield>
  <datafield tag="952" ind1=" " ind2=" ">
    <subfield code="0">0</subfield>
    <subfield code="1">0</subfield>
    <subfield code="2">ddc</subfield>
    <subfield code="3">Lost In Inventory_2018-08-12</subfield>
    <subfield code="4">0</subfield>
    <subfield code="7">0</subfield>
    <subfield code="8">Baccah</subfield>
    <subfield code="a">MAIN</subfield>
    <subfield code="b">MAIN</subfield>
    <subfield code="c">2ND</subfield>
    <subfield code="d">2011-06-16</subfield>
    <subfield code="e">Purchase</subfield>
    <subfield code="g">180.00</subfield>
    <subfield code="h">12344</subfield>
    <subfield code="l">0</subfield>
    <subfield code="o">791.4375 WES</subfield>
    <subfield code="p">000024217</subfield>
    <subfield code="r">2021-08-18 00:00:00</subfield>
    <subfield code="v">180.00</subfield>
    <subfield code="w">2011-06-16</subfield>
    <subfield code="y">CDVDMOV</subfield>
    <subfield code="z">DVD 1</subfield>
  </datafield>
  <datafield tag="952" ind1=" " ind2=" ">
    <subfield code="0">0</subfield>
    <subfield code="1">0</subfield>
    <subfield code="2">ddc</subfield>
    <subfield code="3">Lost In Inventory_2018-08-12</subfield>
    <subfield code="4">0</subfield>
    <subfield code="7">0</subfield>
    <subfield code="8">Baccah</subfield>
    <subfield code="a">MAIN</subfield>
    <subfield code="b">MAIN</subfield>
    <subfield code="c">2ND</subfield>
    <subfield code="d">2011-06-16</subfield>
    <subfield code="e">Purchase</subfield>
    <subfield code="g">180.00</subfield>
    <subfield code="h">12344</subfield>
    <subfield code="l">0</subfield>
    <subfield code="o">791.4375 WES</subfield>
    <subfield code="p">000024218</subfield>
    <subfield code="r">2021-08-18 00:00:00</subfield>
    <subfield code="w">2011-06-16</subfield>
    <subfield code="y">CDVDMOV</subfield>
    <subfield code="z">DVD 2</subfield>
  </datafield>
  <datafield tag="952" ind1=" " ind2=" ">
    <subfield code="0">0</subfield>
    <subfield code="1">0</subfield>
    <subfield code="2">ddc</subfield>
    <subfield code="3">Lost In Inventory_2018-08-12</subfield>
    <subfield code="4">0</subfield>
    <subfield code="7">0</subfield>
    <subfield code="8">Baccah</subfield>
    <subfield code="a">MAIN</subfield>
    <subfield code="b">MAIN</subfield>
    <subfield code="c">2ND</subfield>
    <subfield code="d">2011-06-16</subfield>
    <subfield code="g">180.00</subfield>
    <subfield code="h">12344</subfield>
    <subfield code="l">0</subfield>
    <subfield code="o">791.4375 WES</subfield>
    <subfield code="p">000024219</subfield>
    <subfield code="r">2021-08-18 00:00:00</subfield>
    <subfield code="v">180.00</subfield>
    <subfield code="y">CDVDMOV</subfield>
    <subfield code="z">DVD 3</subfield>
  </datafield>
  <datafield tag="952" ind1=" " ind2=" ">
    <subfield code="0">0</subfield>
    <subfield code="1">0</subfield>
    <subfield code="2">ddc</subfield>
    <subfield code="3">Lost In Inventory_2018-08-12</subfield>
    <subfield code="4">0</subfield>
    <subfield code="7">0</subfield>
    <subfield code="8">Baccah</subfield>
    <subfield code="a">MAIN</subfield>
    <subfield code="b">MAIN</subfield>
    <subfield code="c">2ND</subfield>
    <subfield code="d">2011-06-16</subfield>
    <subfield code="g">180.00</subfield>
    <subfield code="h">12344</subfield>
    <subfield code="l">0</subfield>
    <subfield code="o">791.4375 WES</subfield>
    <subfield code="p">000024220</subfield>
    <subfield code="r">2021-08-18 00:00:00</subfield>
    <subfield code="w">2011-06-16</subfield>
    <subfield code="y">CDVDMOV</subfield>
    <subfield code="z">DVD 4</subfield>
  </datafield>
  <datafield tag="952" ind1=" " ind2=" ">
    <subfield code="0">0</subfield>
    <subfield code="1">0</subfield>
    <subfield code="2">ddc</subfield>
    <subfield code="3">Lost In Inventory_2018-08-12</subfield>
    <subfield code="4">0</subfield>
    <subfield code="7">0</subfield>
    <subfield code="8">Baccah</subfield>
    <subfield code="a">MAIN</subfield>
    <subfield code="b">MAIN</subfield>
    <subfield code="c">2ND</subfield>
    <subfield code="d">2011-06-16</subfield>
    <subfield code="e">Purchase</subfield>
    <subfield code="g">180.00</subfield>
    <subfield code="h">12344</subfield>
    <subfield code="l">0</subfield>
    <subfield code="o">791.4375 WES</subfield>
    <subfield code="p">000024221</subfield>
    <subfield code="r">2021-08-18 00:00:00</subfield>
    <subfield code="w">2011-06-16</subfield>
    <subfield code="y">CDVDMOV</subfield>
    <subfield code="z">DVD 5</subfield>
  </datafield>
  <datafield tag="952" ind1=" " ind2=" ">
    <subfield code="0">0</subfield>
    <subfield code="1">0</subfield>
    <subfield code="2">ddc</subfield>
    <subfield code="3">Lost In Inventory_2018-08-12</subfield>
    <subfield code="4">0</subfield>
    <subfield code="7">0</subfield>
    <subfield code="8">Baccah</subfield>
    <subfield code="a">MAIN</subfield>
    <subfield code="b">MAIN</subfield>
    <subfield code="c">2ND</subfield>
    <subfield code="d">2011-06-16</subfield>
    <subfield code="e">Purchase</subfield>
    <subfield code="h">12344</subfield>
    <subfield code="l">0</subfield>
    <subfield code="o">791.4375 WES</subfield>
    <subfield code="p">000024222</subfield>
    <subfield code="r">2021-08-18 00:00:00</subfield>
    <subfield code="w">2011-06-16</subfield>
    <subfield code="y">CDVDMOV</subfield>
    <subfield code="z">DVD 6</subfield>
  </datafield>
  <datafield tag="952" ind1=" " ind2=" ">
    <subfield code="0">0</subfield>
    <subfield code="1">0</subfield>
    <subfield code="2">ddc</subfield>
    <subfield code="3">Lost In Inventory_2018-08-12</subfield>
    <subfield code="4">0</subfield>
    <subfield code="7">0</subfield>
    <subfield code="8">Baccah</subfield>
    <subfield code="a">MAIN</subfield>
    <subfield code="b">MAIN</subfield>
    <subfield code="c">2ND</subfield>
    <subfield code="d">2011-06-16</subfield>
    <subfield code="e">Purchase</subfield>
    <subfield code="h">12344</subfield>
    <subfield code="l">0</subfield>
    <subfield code="o">791.4375 WES</subfield>
    <subfield code="p">000024223</subfield>
    <subfield code="r">2021-08-18 00:00:00</subfield>
    <subfield code="w">2011-06-16</subfield>
    <subfield code="y">CDVDMOV</subfield>
    <subfield code="z">DVD 7</subfield>
  </datafield>
  <datafield tag="952" ind1=" " ind2=" ">
    <subfield code="0">0</subfield>
    <subfield code="1">0</subfield>
    <subfield code="2">ddc</subfield>
    <subfield code="3">Lost In Inventory_2018-08-12</subfield>
    <subfield code="4">0</subfield>
    <subfield code="7">0</subfield>
    <subfield code="8">Baccah</subfield>
    <subfield code="a">MAIN</subfield>
    <subfield code="b">MAIN</subfield>
    <subfield code="c">2ND</subfield>
    <subfield code="d">2011-06-16</subfield>
    <subfield code="e">Purchase</subfield>
    <subfield code="h">12344</subfield>
    <subfield code="l">0</subfield>
    <subfield code="o">791.4375 WES</subfield>
    <subfield code="p">000024224</subfield>
    <subfield code="r">2021-08-18 00:00:00</subfield>
    <subfield code="w">2011-06-16</subfield>
    <subfield code="y">CDVDMOV</subfield>
    <subfield code="z">DVD 8</subfield>
  </datafield>
  <datafield tag="952" ind1=" " ind2=" ">
    <subfield code="0">0</subfield>
    <subfield code="1">0</subfield>
    <subfield code="2">ddc</subfield>
    <subfield code="3">Lost In Inventory_2018-08-12</subfield>
    <subfield code="4">0</subfield>
    <subfield code="7">0</subfield>
    <subfield code="8">Baccah</subfield>
    <subfield code="a">MAIN</subfield>
    <subfield code="b">MAIN</subfield>
    <subfield code="c">2ND</subfield>
    <subfield code="d">2011-06-16</subfield>
    <subfield code="e">Purchase</subfield>
    <subfield code="h">12344</subfield>
    <subfield code="l">0</subfield>
    <subfield code="o">791.4375 WES</subfield>
    <subfield code="p">000024225</subfield>
    <subfield code="r">2021-08-18 00:00:00</subfield>
    <subfield code="w">2011-06-16</subfield>
    <subfield code="y">CDVDMOV</subfield>
    <subfield code="z">DVD 9</subfield>
  </datafield>
  <datafield tag="952" ind1=" " ind2=" ">
    <subfield code="0">0</subfield>
    <subfield code="1">0</subfield>
    <subfield code="2">ddc</subfield>
    <subfield code="3">Lost In Inventory_2018-08-12</subfield>
    <subfield code="4">0</subfield>
    <subfield code="7">0</subfield>
    <subfield code="8">Baccah</subfield>
    <subfield code="a">MAIN</subfield>
    <subfield code="b">MAIN</subfield>
    <subfield code="c">2ND</subfield>
    <subfield code="d">2011-06-16</subfield>
    <subfield code="e">Purchase</subfield>
    <subfield code="h">12344</subfield>
    <subfield code="l">0</subfield>
    <subfield code="o">791.4375 WES</subfield>
    <subfield code="p">000024226</subfield>
    <subfield code="r">2021-08-18 00:00:00</subfield>
    <subfield code="w">2011-06-16</subfield>
    <subfield code="y">CDVDMOV</subfield>
    <subfield code="z">DVD 10</subfield>
  </datafield>
  <datafield tag="952" ind1=" " ind2=" ">
    <subfield code="0">0</subfield>
    <subfield code="1">0</subfield>
    <subfield code="2">ddc</subfield>
    <subfield code="3">Lost In Inventory_2018-08-12</subfield>
    <subfield code="4">0</subfield>
    <subfield code="7">0</subfield>
    <subfield code="8">Baccah</subfield>
    <subfield code="a">MAIN</subfield>
    <subfield code="b">MAIN</subfield>
    <subfield code="c">2ND</subfield>
    <subfield code="d">2011-06-16</subfield>
    <subfield code="e">Purchase</subfield>
    <subfield code="h">12344</subfield>
    <subfield code="l">0</subfield>
    <subfield code="o">791.4375 WES</subfield>
    <subfield code="p">000024227</subfield>
    <subfield code="r">2022-08-24 00:00:00</subfield>
    <subfield code="w">2011-06-16</subfield>
    <subfield code="y">CDVDMOV</subfield>
    <subfield code="z">DVD 11</subfield>
  </datafield>
  <datafield tag="952" ind1=" " ind2=" ">
    <subfield code="0">0</subfield>
    <subfield code="1">0</subfield>
    <subfield code="2">ddc</subfield>
    <subfield code="3">Lost In Inventory_2018-08-12</subfield>
    <subfield code="4">0</subfield>
    <subfield code="7">0</subfield>
    <subfield code="8">Baccah</subfield>
    <subfield code="a">MAIN</subfield>
    <subfield code="b">MAIN</subfield>
    <subfield code="c">2ND</subfield>
    <subfield code="d">2011-06-16</subfield>
    <subfield code="e">Purchase</subfield>
    <subfield code="h">12344</subfield>
    <subfield code="l">0</subfield>
    <subfield code="o">791.4375 WES</subfield>
    <subfield code="p">000024228</subfield>
    <subfield code="r">2021-08-18 00:00:00</subfield>
    <subfield code="w">2011-06-16</subfield>
    <subfield code="y">CDVDMOV</subfield>
    <subfield code="z">DVD 12</subfield>
  </datafield>
</record>
